Top 20 : Les plus belle ville de France - Statistiques

Statistiques générales
  • Ce quiz a été pris 345 fois
  • Le résultat moyen est 11 sur 20
Statistiques - réponses
Réponse noms de la ville : % Correct
1 Paris la Ville Lumière
99%
10 Marseille la Cité Phocéenne
93%
2 Lyon la Capitale des Gaules
90%
4 Nice la Nissa Bella
89%
11 Toulouse la Ville Rose
88%
14 Lille la Capitale des Flandres
82%
9 Bordeaux la Belle Endormie
78%
12 Strasbourg le Siège du Parlement
77%
3 Annecy la Venise des Alpes
63%
6 Montpellier la Surdouée
60%
17 Nîmes la Rome française
46%
19 Rouen la Ville aux cent clochers
43%
7 La Rochelle la Porte Océane
40%
16 Dijon la Ville aux cent clochers
39%
8 Saint-Malo la cité corsaire
34%
15 Perpignan le Centre du monde
33%
5 Biarritz la Plage des rois
28%
20 Lorient la Ville aux cinq ports
20%
13 Aix en Provence la Cité des milles fontaines
19%
18 Chartres la capitale de la lumière et du parfum
11%
Aucun quiz correspondant
Distribution des résultats
% des personnes avec chaque résultat
Percentile par nombre de réponses
Votre historique - résultats
Vous n’avez pas pris ce quiz